Gaming Quiz

Random Gaming Quiz
Score 0/13 Timer 01:00
0 Plays Today
Level Skull % Correct
Sierra 117Blind Skull
72.3%
Sierra 117Iron Skull
67.2%
Crows NestBlack Eye Skull
52.9%
Crows NestGrunt Birthday Party Skull
42%
The StormCatch Skull
34.5%
The CovenantIWHBYD Skull
34.5%
FloodgateFog Skull
31.1%
The ArkFamine Skull
31.1%
HaloMythic Skull
30.3%
CortanaTilt Skull
27.7%
The ArkCowbell Skull
26.9%
Tsavo HighwayTough Luck Skull
25.2%
The CovenantThunderstorm Skull
21.8%
Remove Ads.
Support Sporcle.
Get the best of Sporcle when you Go Orange. This ad-free experience offers more features, more stats, and more fun while also helping to support Sporcle. Thank you for becoming a member.

You're not logged in!

Compare scores with friends on all Sporcle quizzes.
OR
Log In

Show Comments

Extras

Created Sep 29, 2009ReportNominate
Tags:halo, In Order, Level, location, Order, skull

Top Quizzes Today


Score Distribution

Your Account Isn't Verified!

In order to create a playlist on Sporcle, you need to verify the email address you used during registration. Go to your Sporcle Settings to finish the process.

Report this User

Report this user for behavior that violates our Community Guidelines.

Details: